The Management gurus : (Record no. 2944)

000 -LEADER
fixed length control field nam a22 a 4500
003 - CONTROL NUMBER IDENTIFIER
control field AKMAL
005 - DATE AND TIME OF LATEST TRANSACTION
control field 20170519080441.0
008 - FIXED-LENGTH DATA ELEMENTS--GENERAL INFORMATION
fixed length control field 170519s2008 nyua e 001 0 eng d
020 ## - INTERNATIONAL STANDARD BOOK NUMBER
International Standard Book Number 9781843549338 (pbk.) :
Terms of availability RM74.90
020 ## - INTERNATIONAL STANDARD BOOK NUMBER
International Standard Book Number 9781591842088
039 #9 - LEVEL OF BIBLIOGRAPHIC CONTROL AND CODING DETAIL [OBSOLETE]
Level of rules in bibliographic description 201005291555
Level of effort used to assign nonsubject heading access points suzila
Level of effort used to assign subject headings 201005291553
Level of effort used to assign classification suzila
Level of effort used to assign subject headings 200908041110
Level of effort used to assign classification iliza
Level of effort used to assign subject headings 200908041027
Level of effort used to assign classification naima
040 ## - CATALOGING SOURCE
Original cataloging agency AKMAL
Transcribing agency AKMAL
082 04 - DEWEY DECIMAL CLASSIFICATION NUMBER
Classification number 658 LAU
Edition number 22
090 20 - LOCALLY ASSIGNED LC-TYPE CALL NUMBER (OCLC); LOCAL CALL NUMBER (RLIN)
Classification number (OCLC) (R) ; Classification number, CALL (RLIN) (NR) 658
Local cutter number (OCLC) ; Book number/undivided call number, CALL (RLIN) LAU
245 04 - TITLE STATEMENT
Title The Management gurus :
Remainder of title lessons from the best management books of all time /
Statement of responsibility, etc. Chris Lauer and the [other] editors at Soundview Executive Book Summaries
246 3# - VARYING FORM OF TITLE
Title proper/short title Lessons from the best management books of all time
260 ## - PUBLICATION, DISTRIBUTION, ETC.
Place of publication, distribution, etc. New York :
Name of publisher, distributor, etc. Portfolio,
Date of publication, distribution, etc. 2008
300 ## - PHYSICAL DESCRIPTION
Extent 278p. :
Other physical details ill. ;
Dimensions 23cm.
500 ## - GENERAL NOTE
General note Includes index
650 10 - SUBJECT ADDED ENTRY--TOPICAL TERM
Topical term or geographic name entry element Management
9 (RLIN) 1462
650 20 - SUBJECT ADDED ENTRY--TOPICAL TERM
Topical term or geographic name entry element Leadership
9 (RLIN) 120
650 20 - SUBJECT ADDED ENTRY--TOPICAL TERM
Topical term or geographic name entry element Executive ability
9 (RLIN) 1222
700 1# - ADDED ENTRY--PERSONAL NAME
Personal name Lauer, Chris
9 (RLIN) 6156
942 ## - ADDED ENTRY ELEMENTS (KOHA)
Source of classification or shelving scheme
Koha item type Book
Holdings
Withdrawn status Lost status Source of classification or shelving scheme Damaged status Not for loan Collection code Home library Current library Date acquired Inventory number Total Checkouts Full call number Barcode Date last seen Price effective from Koha item type
          NON-FICTION AKMAL Melaka AKMAL Melaka 19.05.2017 602701   658 LAU 201704045 19.05.2017 19.05.2017 Book
Pusat Sumber Maklumat Dato' Haji Sarmin Md Hussin, Akademi Kastam Diraja Malaysia, Melaka
Tel: 06-2331106 | Faks: 06-2313787